| 000 | 00459nam a2200181Ia 4500 | ||
|---|---|---|---|
| 008 | 180207s9999 xx 000 0 und d | ||
| 020 | _a9780375800337 | ||
| 050 | _bL629 1999 | ||
| 100 | _aLeSieg, Theo. | ||
| 245 | 4 | _aThe eye book / | |
| 245 | _cTheo LeSieg ; illustrated by Joe Mathieu. | ||
| 260 | _aNew York : | ||
| 260 | _bRandom House, Inc., | ||
| 260 | _c1999 | ||
| 300 | _aunpaged : | ||
| 300 | _bcolor illustration ; | ||
| 440 | _aDr. Seuss. | ||
| 999 |
_c355220 _d355220 |
||